Vykazovanie výnosov podľa IAS 18

Vykazovanie výnosov podľa IAS 18. Oceňovanie výnosov. Identifikácia transakcie. Uznanie tržieb z predaja tovaru. Vykazovanie tržieb z poskytovania služieb. Vykazovanie úrokov, autorských honorárov a dividend. Metóda efektívnej úrokovej miery. Dodatok k IAS 18. Príklady.

Gespeichert in:
Bibliographische Detailangaben
1. Verfasser: Krupová, Lenka
Weitere Verfasser: Demčáková, Iveta
Format: Buchkapitel
Sprache:Slowakisch
Schlagworte:
Tags: Tag hinzufügen
Keine Tags, Fügen Sie das erste Tag hinzu!

MARC

LEADER 00000naa$a2200000$$$4500
001 0051433
005 20231106093344.4
041 0 |a slo 
044 |a SK 
245 1 0 |a Vykazovanie výnosov podľa IAS 18  |c Lenka Krupová, Iveta Demčáková 
520 |a Vykazovanie výnosov podľa IAS 18. Oceňovanie výnosov. Identifikácia transakcie. Uznanie tržieb z predaja tovaru. Vykazovanie tržieb z poskytovania služieb. Vykazovanie úrokov, autorských honorárov a dividend. Metóda efektívnej úrokovej miery. Dodatok k IAS 18. Príklady. 
610 2 0 |a štandardy účtovné medzinárodné 
610 2 0 |a výnosy 
610 2 0 |a výkazy účtovné 
610 2 0 |a oceňovanie 
610 2 0 |a tržby 
610 2 0 |a služby 
610 2 0 |a úrok 
610 2 0 |a miera úroková 
610 2 0 |a dividendy 
610 2 0 |a IAS 18 
100 1 |a Krupová, Lenka 
700 1 |a Demčáková, Iveta